000
00317nam a22001337a 4500
041
_a
English
082
_a
291.454 FOR
100
_a
Forum of Religious for Justice and Peace(FORUM)
245
_a
Prophets of our Times
260
_a
Delhi
_b
Media House
_c
2012
300
_a
76
650
_a
Saints-India
942
_c
BK
999
_c
21013
_d
21013